00421nam a2200157Ia 4500008004100000020001500041082001700056100002100073245003700094250000800131260004100139300002700180500000700207600003300214650001600247240925s9999 xx 000 0 und d a9971512831 a510.2462 KRE aKreyszing, Erwin 0aAdvanced Engineering Mathematics a8th aNew York:bJohn Wiley & Sonsc,2004. ax,355p.bNAfPhotocopy aNA aHumanities & Natural Science aMathematics